[Event "Ann Arbor Winter Open.1"]
[Site "Ann Arbor, MI"]
[Date "1997.02.22"]
[Round "1"]
[White "Gaiefsky, Mike"]
[Black "Mayes, James"]
[Result "1-0"]
[WhiteElo "1908"]
[BlackElo "1269"]
[PlyCount "81"]
[EventDate "1997.02.22"]

1. d4 g6 2. e4 d6 3. f4 Bg7 4. Nf3 Bg4 5. Be2 Nf6 6. Nc3 O-O 7. Be3 Nc6 8. h3
Bd7 9. Qd2 a6 10. d5 Na7 11. Bd3 Nb5 12. Ne2 c6 13. c4 Na7 14. e5 Ne8 15. e6
fxe6 16. dxe6 Bxe6 17. Bxa7 Rxa7 18. Qe3 c5 19. Qxe6+ Kh8 20. Ng5 Rf6 21. Nf7+
Rxf7 22. Qxf7 b5 23. O-O Rc7 24. cxb5 axb5 25. Bxb5 Nf6 26. Qe6 d5 27. Rad1 d4
28. Bc4 Rd7 29. Qc6 Rc7 30. Qf3 Rd7 31. Rd3 Nd5 32. Bxd5 Rxd5 33. b3 Bf6 34.
Nc3 Rd7 35. Ne4 Qb6 36. Rc1 Rc7 37. g4 Rc8 38. Nxf6 exf6 39. Rxd4 cxd4 40.
Rxc8+ Kg7 41. Qc6 1-0

[Event "Ann Arbor Winter Open.2"]
[Site "Ann Arbor, MI"]
[Date "1997.02.22"]
[Round "1"]
[White "Frantz, John W"]
[Black "Turner, Adam"]
[Result "1/2-1/2"]
[WhiteElo "1311"]
[BlackElo "1142"]
[PlyCount "105"]
[EventDate "1997.02.22"]

1. b4 d5 2. Bb2 e6 3. b5 Nf6 4. e3 g6 5. Nf3 Bg7 6. c4 c5 7. d4 Ne4 8. Nbd2 Qa5
9. Bd3 Nxd2 10. Qxd2 Qxd2+ 11. Nxd2 Nd7 12. O-O O-O 13. Rab1 b6 14. Rfc1 Bb7
15. Nb3 Rac8 16. a4 a5 17. Ba3 dxc4 18. Bxc4 Rfd8 19. Bd3 cxd4 20. Nxd4 Nc5 21.
Bc2 Bxd4 22. exd4 Rxd4 23. Bb2 Rc4 24. Ra1 Ne4 25. Bxe4 Rxc1+ 26. Bxc1 Bxe4 27.
Be3 Bc2 28. Rc1 Rc4 29. Bxb6 Rxa4 30. h3 Bd3 31. Bd8 Bxb5 32. Rc8 Rc4 33. Rb8
Bd7 34. Bxa5+ Kg7 35. Rd8 Bc6 36. Rc8 Bd5 37. Rxc4 Bxc4 38. Bc3+ f6 39. g4 Kf7
40. f4 f5 41. Kf2 Ke7 42. Ke3 Kd6 43. Kd4 fxg4 44. hxg4 Be2 45. g5 Bg4 46. Bb4+
Kc6 47. Ke5 Kb5 48. Ba3 Kc4 49. Kf6 Kd5 50. Kg7 Ke4 51. Bd6 Kd5 52. Be5 Bf5 53.
Kxh7 1/2-1/2

[Event "Ann Arbor Winter Open.2"]
[Site "Ann Arbor, MI"]
[Date "1997.02.22"]
[Round "2"]
[White "Dowling, James"]
[Black "Curtis, Dave"]
[Result "1-0"]
[WhiteElo "1332"]
[BlackElo "1019"]
[PlyCount "105"]
[EventDate "1997.02.22"]

1. Nf3 e6 2. c4 b6 3. g3 Be7 4. Bg2 Bb7 5. O-O Nf6 6. Nc3 O-O 7. Re1 Re8 8. e4
d6 9. d4 Bf8 10. d5 exd5 11. exd5 Nbd7 12. Nd4 Ne5 13. b3 a5 14. f4 Ng6 15. Nc6
Bxc6 16. dxc6 Rxe1+ 17. Qxe1 d5 18. Nxd5 Nxd5 19. Bxd5 Qf6 20. Rb1 a4 21. Bb2
Qd6 22. Rd1 Qc5+ 23. Bd4 Qa3 24. f5 Ne7 25. Bxf7+ Kh8 26. f6 Nxc6 27. fxg7+
Bxg7 28. Bxg7+ Kxg7 29. Bd5 Qc5+ 30. Qf2 Qxf2+ 31. Kxf2 Rf8+ 32. Ke3 Nb4 33.
Be4 Nxa2 34. Rd7+ Kf6 35. bxa4 Re8 36. Rxh7 Nc3 37. Rh4 Nxa4 38. Rf4+ Ke5 39.
Rf5+ Kd6 40. Rd5+ Ke7 41. Re5+ Kd8 42. Rxe8+ Kxe8 43. Bc6+ Ke7 44. Bxa4 Kd6 45.
Kd4 c5+ 46. Ke4 Ke6 47. h4 Kd6 48. Kf5 Ke7 49. Kg6 Kd6 50. Kf6 Kc7 51. h5 b5
52. Bxb5 Kb6 53. h6 1-0

[Event "Ann Arbor Winter Open.1"]
[Site "Ann Arbor, MI"]
[Date "1997.02.22"]
[Round "1"]
[White "Davey, Scott"]
[Black "Alson, Jeff"]
[Result "0-1"]
[WhiteElo "1684"]
[BlackElo "1982"]
[PlyCount "80"]
[EventDate "1997.02.22"]

1. e4 c5 2. Nf3 Nf6 3. e5 Nd5 4. Nc3 e6 5. Nxd5 exd5 6. d4 Nc6 7. dxc5 Bxc5 8.
Qxd5 d6 9. exd6 Qb6 10. Bc4 Bxf2+ 11. Ke2 O-O 12. Rd1 Be6 13. Qb5 Bxc4+ 14.
Qxc4 Bc5 15. Rd5 Bg1 16. Qg4 Rfe8+ 17. Kd1 Nb4 18. Bh6 g6 19. Rd2 Rad8 20. d7
Re6 21. Bg5 f6 22. Qc4 Kg7 23. Bf4 Na6 24. c3 Be3 25. Nd4 Re4 26. Qd5 Rxd4 27.
Bxe3 Rxd5 28. Bxb6 Rxd2+ 29. Kxd2 axb6 30. Re1 Rxd7+ 31. Kc2 Kf7 32. b4 Nc7 33.
a4 Re7 34. Rxe7+ Kxe7 35. c4 Kd6 36. Kd3 Ke5 37. a5 bxa5 38. bxa5 Kd6 39. Kd4
Ne6+ 40. Kc3 Kc5 0-1

[Event "Ann Arbor Winter Open.1"]
[Site "Ann Arbor, MI"]
[Date "1997.02.22"]
[Round "2"]
[White "Boldrick, Thomas"]
[Black "Potter, George"]
[Result "0-1"]
[WhiteElo "1609"]
[BlackElo "1877"]
[PlyCount "60"]
[EventDate "1997.02.22"]

1. d4 d5 2. c4 e6 3. Nc3 Nf6 4. Nf3 Be7 5. Bg5 Nbd7 6. e3 b6 7. Bd3 Bb7 8. O-O
h6 9. Bh4 O-O 10. Re1 c5 11. cxd5 Nxd5 12. Bxe7 Nxe7 13. e4 cxd4 14. Nxd4 Ng6
15. Nf3 Nde5 16. Nxe5 Nxe5 17. Re3 Qf6 18. Qe2 Rfd8 19. Rf1 Rxd3 20. Rxd3 Nxd3
21. Qxd3 Rd8 22. Qe3 Ba6 23. e5 Qg6 24. Rc1 Rd3 25. Qf4 Bb7 26. g3 Qh5 27. Ne4
Rd1+ 28. Rxd1 Qxd1+ 29. Kg2 Qc2 30. Kh3 Qxe4 0-1

[Event "Ann Arbor Winter Open.2"]
[Site "Ann Arbor, MI"]
[Date "1997.02.23"]
[Round "4"]
[White "Silveri, Marco"]
[Black "Dowling, James"]
[Result "1-0"]
[WhiteElo "1258"]
[BlackElo "1332"]
[PlyCount "83"]
[EventDate "1997.02.22"]

1. c4 e6 2. Nf3 d5 3. cxd5 exd5 4. g3 Bd6 5. Bg2 c5 6. d3 Na6 7. O-O Ne7 8. Nc3
Nc7 9. Re1 O-O 10. Qc2 b5 11. d4 c4 12. Bd2 b4 13. Nd1 a5 14. Nh4 Nb5 15. e3 g5
16. Nf3 h6 17. h4 g4 18. Ne5 Bf5 19. Qc1 Be6 20. e4 Nxd4 21. exd5 Bxe5 22. dxe6
Qc7 23. Bxh6 f6 24. Bxa8 Rxa8 25. Kf1 Nf3 26. Re4 Nh2+ 27. Kg2 Qc6 28. Qxc4
Qxc4 29. Rxc4 Nf5 30. Bf4 Bxf4 31. Rxf4 Nh6 32. Kxh2 f5 33. Ne3 Rf8 34. Rc1 Rf6
35. Nc4 Kf8 36. Nd6 Ke7 37. Nc8+ Kd8 38. e7+ Ke8 39. Rd4 Nf7 40. Rcd1 Nd6 41.
Nxd6+ Rxd6 42. Rxd6 1-0

[Event "Ann Arbor Winter Open.1"]
[Site "Ann Arbor, MI"]
[Date "1997.02.23"]
[Round "4"]
[White "Sellers, Matt"]
[Black "Hartwig, Thomas"]
[Result "0-1"]
[WhiteElo "1896"]
[BlackElo "1953"]
[PlyCount "28"]
[EventDate "1997.02.22"]

1. e4 c5 2. Nf3 d6 3. d4 cxd4 4. Nxd4 Nf6 5. Nc3 g6 6. Be2 Bg7 7. Be3 O-O 8.
O-O Nc6 9. f4 Qb6 10. Qd2 Nxe4 11. Nxc6 Nxd2 12. Bxb6 bxc6 13. Rfd1 Bxc3 14.
bxc3 axb6 0-1

[Event "Ann Arbor Winter Open.1"]
[Site "Ann Arbor, MI"]
[Date "1997.02.23"]
[Round "3"]
[White "Sellers, Matt"]
[Black "Alson, Jeff"]
[Result "0-1"]
[WhiteElo "1896"]
[BlackElo "1982"]
[PlyCount "70"]
[EventDate "1997.02.22"]

1. e4 c5 2. Nf3 Nf6 3. e5 Nd5 4. Bc4 Nb6 5. Be2 Nc6 6. c3 d5 7. d4 cxd4 8. cxd4
Bf5 9. O-O e6 10. Bf4 Be7 11. Nc3 O-O 12. Re1 Rc8 13. Bf1 g5 14. Be3 g4 15. Nd2
Nxe5 16. Bh6 Nc6 17. Bxf8 Qxf8 18. Nb3 Nc4 19. Nc1 Bf6 20. Bxc4 dxc4 21. d5 Rd8
22. Qa4 exd5 23. N1e2 d4 24. Nd1 Re8 25. Qxc4 Bg6 26. Kf1 Qe7 27. Ndc3 dxc3 28.
Nxc3 Ne5 29. Qf4 Qe6 30. Rad1 Qf5 31. Qa4 Ra8 32. Nd5 Nc6 33. Qxg4 Qg5 34. Qf3
Kg7 35. Nxf6 Qxf6 {Remainder illelgible; 0-1, 93?} 0-1

[Event "Ann Arbor Winter Open.1"]
[Site "Ann Arbor, MI"]
[Date "1997.02.23"]
[Round "3"]
[White "Seawald, Dennis"]
[Black "Santiago, Reynaldo"]
[Result "1-0"]
[WhiteElo "2305"]
[BlackElo "2000"]
[PlyCount "115"]
[EventDate "1997.02.22"]

1. e4 c5 2. Nf3 d6 3. d4 cxd4 4. Nxd4 Nf6 5. Nc3 a6 6. Be3 e5 7. Nf3 Be7 8. Bc4
O-O 9. Qe2 Nbd7 10. Rd1 Qc7 11. O-O b5 12. Bd5 Rb8 13. a3 b4 14. axb4 Rxb4 15.
Bc1 Nb6 16. Bb3 Bb7 17. Nd2 Rd8 18. Na2 Rb5 19. c4 Rc5 20. Nc3 Rc8 21. Ba2 Nxc4
22. Nxc4 Rxc4 23. Bxc4 Qxc4 24. Qxc4 Rxc4 25. f3 Ne8 26. Be3 Bd8 27. Nd5 f6 28.
Rc1 Rxc1 29. Rxc1 Kf7 30. Kf2 Ke6 31. Bb6 Bxb6+ 32. Nxb6 Ke7 33. Ke3 Ke6 34.
Kd3 f5 35. exf5+ Kxf5 36. Nc4 h5 37. Na5 Bd5 38. Rc8 Nf6 39. Rc7 g5 40. Ra7 e4+
41. Ke3 exf3 42. gxf3 g4 43. fxg4+ Nxg4+ 44. Kd4 Bg2 45. Nc4 Kg5 46. b4 d5 47.
Nd2 h4 48. Rxa6 Nxh2 49. Ra1 h3 50. b5 Ng4 51. b6 Nf6 52. b7 Nd7 53. Nf1 Kf4
54. Nh2 Kg3 55. Ra8 Kxh2 56. Rd8 Nb8 57. Rxb8 Kg1 58. Rh8 1-0

[Event "Ann Arbor Winter Open.1"]
[Site "Ann Arbor, MI"]
[Date "1997.02.23"]
[Round "4"]
[White "Santiago, Reynaldo"]
[Black "Gaiefsky, Mike"]
[Result "1-0"]
[WhiteElo "2000"]
[BlackElo "1908"]
[PlyCount "107"]
[EventDate "1997.02.22"]

1. e4 c5 2. Nc3 d6 3. g3 Nf6 4. Bg2 Nc6 5. d3 g6 6. Bg5 Bg7 7. Qd2 h6 8. Be3
Ng4 9. Nf3 Nxe3 10. fxe3 Qa5 11. O-O Bxc3 12. bxc3 Bd7 13. Nh4 Rh7 14. d4 O-O-O
15. Rfb1 cxd4 16. exd4 g5 17. Nf3 Rg8 18. Qd3 Rhg7 19. e5 h5 20. Rb5 Qc7 21.
exd6 exd6 22. Rab1 Na5 23. R5b4 h4 24. d5 hxg3 25. hxg3 f5 26. Nd4 b6 27. Nxf5
Bxf5 28. Qxf5+ Kb8 29. Qd3 Rc8 30. Bh3 Qc5+ 31. Kg2 Rf7 32. Bf5 Rcc7 33. Rg4
Nc4 34. Rxg5 Ne3+ 35. Kh3 Nxf5 36. Rxf5 Rh7+ 37. Kg2 Qxc3 38. Rbf1 Qxc2+ 39.
Qxc2 Rxc2+ 40. R1f2 Rcc7 41. g4 Rcg7 42. Kg3 Kc7 43. g5 Kd7 44. Kg4 Ke7 45.
Re2+ Kd7 46. Rf6 Rh1 47. Rg2 Ke7 48. Re6+ Kd7 49. g6 Rd1 50. Kg5 Rxd5+ 51. Kf6
Rd1 52. Rge2 Rg8 53. Kf7 Rc8 54. Re7+ 1-0

[Event "Ann Arbor Winter Open.1"]
[Site "Ann Arbor, MI"]
[Date "1997.02.23"]
[Round "4"]
[White "Potter, George"]
[Black "Iyer, Krishnan"]
[Result "1-0"]
[WhiteElo "1877"]
[BlackElo "1523"]
[PlyCount "129"]
[EventDate "1997.02.22"]

1. e4 c5 2. Nf3 Nc6 3. d4 cxd4 4. Nxd4 Nf6 5. Nc3 g6 6. Be3 Bg7 7. Be2 O-O 8.
O-O d6 9. Qd2 Nxd4 10. Bxd4 Ng4 11. h3 Ne5 12. f4 Nc6 13. Bxg7 Kxg7 14. Nd5 e6
15. Ne3 f5 16. exf5 gxf5 17. Kh2 d5 18. c3 Bd7 19. Rad1 Qf6 20. Rg1 Kh8 21.
Rdf1 Ne7 22. g4 e5 23. Nxd5 Qd6 24. Rd1 Ng6 25. Ne3 Qb6 26. Nc4 Qf2+ 27. Rg2
Qxf4+ 28. Qxf4 Nxf4 29. Rxd7 Nxg2 30. Kxg2 e4 31. Nd6 fxg4 32. hxg4 e3 33. Nf5
Rad8 34. Rxb7 h5 35. Re7 Rd2 36. Rxe3 hxg4 37. Nh6 Rxb2 38. a4 Rf4 39. Kg3 Rxa4
40. Nxg4 Ra3 41. Kf3 Rbb3 42. c4 Rxe3+ 43. Nxe3 Kg7 44. Ke4 Ra5 45. Kd4 Kf7 46.
c5 Ke7 47. Kd5 Kd7 48. Nc4 Ra2 49. Bg4+ Kc7 50. Be6 Rg2 51. Bf5 Rg8 52. c6 Rg5
53. Nd6 a6 54. Kc5 Rg8 55. Be6 Rd8 56. Nc4 Rb8 57. Nd6 Rd8 58. Nb7 Rb8 59. Bd5
Rc8 60. Be6 Rb8 61. Bd5 Rc8 62. Bf7 Rf8 63. Nd6 Rd8 64. Ne8+ Kc8 65. Kb6 1-0

[Event "Ann Arbor Winter Open.2"]
[Site "Ann Arbor, MI"]
[Date "1997.02.23"]
[Round "4"]
[White "Jackson, Tamboura"]
[Black "Frantz, John W"]
[Result "1-0"]
[WhiteElo "1117"]
[BlackElo "1311"]
[PlyCount "84"]
[EventDate "1997.02.22"]

1. d4 f5 2. c3 d5 3. Nf3 Be6 4. Qa4+ Nd7 5. Ne5 c6 6. f4 Ngf6 7. Nd2 g6 8. Ndf3
Nb6 9. Qc2 Bg7 10. Ng5 O-O 11. Nxe6 Qd6 12. Nxf8 Rxf8 13. h3 Ne4 14. h4 c5 15.
e3 cxd4 16. exd4 Nd7 17. h5 Nxe5 18. fxe5 Bxe5 19. dxe5 Qxe5 20. Rh3 Ng5+ 21.
Qe2 Ne4 22. Re3 f4 23. Rxe4 dxe4 24. hxg6 hxg6 25. Qc4+ e6 26. Qd4 Qf5 27. Qf2
g5 28. g3 e5 29. Bc4+ Kg7 30. gxf4 exf4 31. Qd4+ Kg6 32. Qd5 g4 33. Qxf5+ Rxf5
34. Bd2 Kh5 35. O-O-O g3 36. Rh1+ Kg4 37. Be6 e3 38. Bxe3 fxe3 39. Kd1 g2 40.
Rg1 Kf3 41. Bxf5 Kf2 42. Rxg2+ Kxg2 1-0

[Event "Ann Arbor Winter Open.1"]
[Site "Ann Arbor, MI"]
[Date "1997.02.23"]
[Round "3"]
[White "Hartwig, Thomas"]
[Black "Potter, George"]
[Result "1-0"]
[WhiteElo "1953"]
[BlackElo "1877"]
[PlyCount "87"]
[EventDate "1997.02.22"]

1. e4 e5 2. Nf3 Nc6 3. Bb5 a6 4. Bxc6 bxc6 5. O-O d6 6. d4 exd4 7. Qxd4 c5 8.
Qd3 Nf6 9. e5 Nd7 10. Re1 Be7 11. exd6 cxd6 12. Qxd6 Rb8 13. Nc3 Rb6 14. Rxe7+
Qxe7 15. Qxe7+ Kxe7 16. Nd5+ Kd6 17. Nxb6 Nxb6 18. Bf4+ Ke7 19. Rd1 Na4 20. b3
Nc3 21. Bd6+ Ke6 22. Rd3 Nxa2 23. Bxc5 f6 24. b4 Kf7 25. Kf1 Re8 26. Nd4 a5 27.
b5 Nb4 28. Bxb4 axb4 29. Nc6 Be6 30. Nd8+ Kf8 31. Nxe6+ Rxe6 32. Rd4 b3 33.
cxb3 Rb6 34. Rd5 Ke7 35. Ke2 Ke6 36. Rc5 Rb7 37. Kd3 Kd6 38. Kc4 Re7 39. Kb4
Re4+ 40. Rc4 Re7 41. b6 Re8 42. Kb5 Re2 43. b7 Rb2 44. b8=Q+ 1-0

[Event "Ann Arbor Winter Open.1"]
[Site "Ann Arbor, MI"]
[Date "1997.02.23"]
[Round "3"]
[White "Gaiefsky, Mike"]
[Black "Davey, Scott"]
[Result "1-0"]
[WhiteElo "1908"]
[BlackElo "1684"]
[PlyCount "53"]
[EventDate "1997.02.22"]

1. d4 Nf6 2. c4 c5 3. d5 b5 4. cxb5 a6 5. bxa6 Bxa6 6. Nc3 g6 7. e4 Bxf1 8.
Kxf1 d6 9. Nge2 Bg7 10. g3 O-O 11. Kg2 Nbd7 12. Rb1 Qb6 13. Qc2 Rfb8 14. Bd2
Ne5 15. b3 Qa6 16. a4 Nd3 17. Nb5 Rxb5 18. axb5 Qxb5 19. Nc3 Nb4 20. Nxb5 Nxc2
21. Nc3 Ng4 22. Rbc1 Nb4 23. Ra1 Rxa1 24. Rxa1 Bd4 25. h3 Nxf2 26. Bh6 f5 27.
Ra8+ 1-0

[Event "Ann Arbor Winter Open.2"]
[Site "Ann Arbor, MI"]
[Date "1997.02.23"]
[Round "3"]
[White "Frantz, John W"]
[Black "Silveri, Marco"]
[Result "0-1"]
[WhiteElo "1311"]
[BlackElo "1258"]
[PlyCount "102"]
[EventDate "1997.02.22"]

1. b4 Nf6 2. Bb2 e6 3. b5 g6 4. e3 Bg7 5. Nf3 O-O 6. d4 d6 7. Bd3 a6 8. a4 b6
9. Nbd2 Nbd7 10. O-O Bb7 11. e4 Re8 12. Qe2 Qc8 13. h3 h5 14. Ng5 Nh7 15. f4
Nxg5 16. fxg5 e5 17. Qf2 Re7 18. c3 Nf8 19. Bc4 Qe8 20. bxa6 Bxa6 21. Qe2 Bb7
22. Rf2 Ne6 23. Qe3 Rxa4 24. Raf1 Ba6 25. Bxa6 Rxa6 26. Kh2 Ra4 27. d5 Nc5 28.
c4 b5 29. Nb3 Nxb3 30. Qxb3 Rxc4 31. Rf6 Rxe4 32. Qd3 Rf4 33. R6xf4 exf4 34.
Bxg7 Kxg7 35. Qc3+ Kg8 36. Rxf4 Re5 37. Qxc7 Rxd5 38. h4 Qe6 39. Qd8+ Kg7 40.
Qf6+ Qxf6 41. gxf6+ Kf8 42. Rf1 Rf5 43. Rb1 Ke8 44. Re1+ Kd8 45. Rb1 Kd7 46. g4
hxg4 47. Kg3 Ke6 48. Kxg4 Kxf6 49. Rb4 Rc5 50. Rf4+ Kg7 51. Kf3 Rf5 0-1

[Event "Ann Arbor Winter Open.1"]
[Site "Ann Arbor, MI"]
[Date "1997.02.23"]
[Round "4"]
[White "Davey, Scott"]
[Black "Boldrick, Thomas"]
[Result "1-0"]
[WhiteElo "1684"]
[BlackElo "1609"]
[PlyCount "39"]
[EventDate "1997.02.22"]

1. e4 e5 2. f4 exf4 3. Nf3 g5 4. Bc4 d6 5. d4 g4 6. O-O gxf3 7. Qxf3 Bg7 8. c3
Nh6 9. Bxf4 Bg4 10. Bxf7+ Kxf7 11. Qg3 Nd7 12. Bxh6+ Nf6 13. e5 dxe5 14. dxe5
Bxh6 15. Rxf6+ Ke7 16. Qxg4 Be3+ 17. Kh1 Qd5 18. Qg7+ Kd8 19. Qxh8+ Ke7 20.
Qg7+ 1-0

[Event "Ann Arbor Winter Open.2"]
[Site "Ann Arbor, MI"]
[Date "1997.02.23"]
[Round "4"]
[White "Curtis, Dave"]
[Black "Yahkind, Andrew"]
[Result "0-1"]
[WhiteElo "1019"]
[BlackElo "1151"]
[PlyCount "52"]
[EventDate "1997.02.22"]

1. e4 e5 2. f4 exf4 3. Nf3 Nf6 4. Bc4 d5 5. exd5 Nxd5 6. Qe2+ Be7 7. Bxd5 Qxd5
8. Nc3 Qe6 9. Qxe6 fxe6 10. d3 O-O 11. Bd2 e5 12. Ne4 Nc6 13. O-O-O Bg4 14.
Rdf1 Rae8 15. h3 Bh5 16. Bc3 Bxf3 17. Rxf3 Nd4 18. Bxd4 exd4 19. Rhf1 g5 20. g3
fxg3 21. Nxg3 Bd6 22. Nh5 Rxf3 23. Rxf3 Re3 24. Rf5 Rxh3 25. Rxg5+ Kh8 26. Nf6
Bf4+ 0-1

[Event "Ann Arbor Winter Open.1"]
[Site "Ann Arbor, MI"]
[Date "1997.02.23"]
[Round "3"]
[White "Boldrick, Thomas"]
[Black "Iyer, Krishnan"]
[Result "1-0"]
[WhiteElo "1609"]
[BlackElo "1523"]
[PlyCount "87"]
[EventDate "1997.02.22"]

1. d4 Nf6 2. c4 g6 3. Nc3 Bg7 4. e4 d6 5. Nf3 O-O 6. Bg5 Nc6 7. d5 Ne5 8. Nxe5
dxe5 9. b4 h6 10. Bh4 c5 11. Bxf6 Bxf6 12. a3 cxb4 13. axb4 Bd7 14. Be2 Qb6 15.
Rb1 Qd4 16. Qc2 Bh4 17. O-O f5 18. g3 Bf6 19. c5 fxe4 20. Rfd1 e3 21. Qxg6+ Bg7
22. Rxd4 exf2+ 23. Kg2 exd4 24. Bd3 f1=Q+ 25. Rxf1 Rxf1 26. Qh7+ Kf7 27. Qg6+
Kg8 28. Qh7+ Kf7 29. Kxf1 dxc3 30. Qg6+ Kg8 31. Qh7+ Kf7 32. Qg6+ Kg8 33. Ke2
a5 34. Qb6 axb4 35. Qxb4 Bg4+ 36. Ke3 Bc8 37. Qb6 Bf6 38. Qd8+ Kg7 39. Qe8 Bg5+
40. Kd4 Bf6+ 41. Kc4 b5+ 42. Kb3 b4 43. Bg6 Be6 44. Qxa8 1-0

[Event "Ann Arbor Winter Open.1"]
[Site "Ann Arbor, MI"]
[Date "1997.02.23"]
[Round "4"]
[White "Alson, Jeff"]
[Black "Seawald, Dennis"]
[Result "1-0"]
[WhiteElo "1960"]
[BlackElo "2315"]
[PlyCount "107"]
[EventDate "1997.02.22"]

1. e4 c5 2. Nf3 e6 3. c3 Nf6 4. Bd3 Nc6 5. O-O d5 6. e5 Nd7 7. Re1 Nb6 8. Bb5
Bd7 9. Bxc6 Bxc6 10. d4 h6 11. Nbd2 Rc8 12. dxc5 Bxc5 13. Nb3 Be7 14. Nfd4 Nc4
15. Qg4 Kf8 16. f4 h5 17. Qf3 g6 18. g3 a5 19. Nd2 Qb6 20. Rb1 Bc5 21. N2b3 Be7
22. Qf2 a4 23. Nd2 Qa5 24. N2f3 Bd7 25. Kg2 a3 26. b4 Qa6 27. h3 Nb6 28. Bd2
Na4 29. Re3 Nb2 30. Qf1 Qa4 31. Bc1 Nd1 32. Rd3 Nxc3 33. Rb3 Nb5 34. Bxa3 Rc4
35. Qe1 Kg7 36. Nxb5 Bxb5 37. Nd4 Bd7 38. b5 Bd8 39. Rb4 Qa7 40. Qd2 Ba5 41.
Qe3 Bb6 42. Rxc4 dxc4 43. Rd2 Rc8 44. f5 Bc5 45. Bxc5 Qxc5 46. fxe6 Qd5+ 47.
Kh2 Bxe6 48. Nf5+ gxf5 49. Rxd5 Bxd5 50. Qg5+ Kf8 51. Qxf5 Be6 52. Qc2 c3 53.
Kg2 Bxa2 54. Qxa2 1-0

[Event "Lansing March Mini-Swiss.1"]
[Site "?"]
[Date "1997.03.09"]
[Round "3"]
[White "Schoonmaker, John"]
[Black "Aldrich, Jeff"]
[Result "1-0"]
[WhiteElo "2039"]
[BlackElo "2033"]
[PlyCount "97"]
[EventDate "1997.??.??"]

1. d4 d5 2. Nf3 Nf6 3. e3 e6 4. Bd3 c5 5. c3 Nc6 6. Nbd2 Qb6 7. O-O Bd7 8. Qe2
Be7 9. dxc5 Bxc5 10. e4 d4 11. e5 Nd5 12. Nc4 Qc7 13. cxd4 Nxd4 14. Nxd4 Bxd4
15. Nd6+ Kf8 16. Qe4 Bc5 17. Nb5 Qb6 18. Nc3 Bc6 19. Nxd5 Bxd5 20. Qf4 Be7 21.
Be3 Qd8 22. Be4 g5 23. Qf3 Bxe4 24. Qxe4 Qd7 25. f4 h6 26. f5 Kg8 27. f6 Bd8
28. Rfd1 Qb5 29. Rd2 Bb6 30. Rad1 Bxe3+ 31. Qxe3 Qb6 32. Qxb6 axb6 33. a3 Kh7
34. Rd7 Kg6 35. Rxb7 Rhd8 36. Rxd8 Rxd8 37. Rxb6 Rd5 38. b4 Rxe5 39. a4 Re1+
40. Kf2 Ra1 41. a5 Kxf6 42. a6 Ke7 43. Rb7+ Kd6 44. b5 Ra5 45. a7 Ra2+ 46. Ke3
f5 47. b6 Ra3+ 48. Kd2 Ra4 49. Rb8 1-0

[Event "Lansing March Mini-Swiss.1"]
[Site "?"]
[Date "1997.03.09"]
[Round "2"]
[White "Aldrich, Jeff"]
[Black "Koster, Ed"]
[Result "0-1"]
[WhiteElo "2033"]
[BlackElo "2100"]
[PlyCount "76"]
[EventDate "1997.??.??"]

1. d4 Nf6 2. c4 g6 3. Nc3 d5 4. cxd5 Nxd5 5. e4 Nxc3 6. bxc3 Bg7 7. Bc4 c5 8.
Be3 Nc6 9. Ne2 cxd4 10. cxd4 Qa5+ 11. Bd2 Qa3 12. Rb1 O-O 13. O-O Qd6 14. Bc3
Rd8 15. Qb3 e6 16. Rbd1 Qc7 17. d5 Ne5 18. Bxe5 Qxe5 19. Ng3 exd5 20. Bxd5 Be6
21. Rfe1 Rab8 22. Bxe6 Qxe6 23. Rxd8+ Rxd8 24. Qxb7 Qxa2 25. Qe7 Qd2 26. Rf1
Qd7 27. Qa3 Bd4 28. Qa2 Bb6 29. Qc4 Qd4 30. Qc2 Qd2 31. Qa4 Qb2 32. Qc6 Rd2 33.
Nh1 Qd4 34. Qc8+ Kg7 35. Qc1 Re2 36. Rd1 Qxe4 37. Qc3+ Qe5 38. Qf3 Re1+ 0-1

[Event "Lansing March Mini-Swiss.1"]
[Site "?"]
[Date "1997.03.09"]
[Round "1"]
[White "Aldrich, Jeff"]
[Black "Gaiefsky, Mike"]
[Result "1-0"]
[WhiteElo "2033"]
[BlackElo "1908"]
[PlyCount "67"]
[EventDate "1997.??.??"]

1. d4 Nf6 2. c4 g6 3. Nc3 Bg7 4. e4 d6 5. f3 O-O 6. Be3 e5 7. d5 c5 8. Qd2 a6
9. h4 b5 10. cxb5 axb5 11. Bxb5 Ba6 12. Bxa6 Nxa6 13. g4 h5 14. Bh6 hxg4 15. h5
gxf3 16. Nxf3 Bxh6 17. Qxh6 Ng4 18. Qd2 Qf6 19. Nh4 Nb4 20. a3 Nf2 21. O-O Nh3+
22. Kh1 Qxh4 23. axb4 Rxa1 24. Rxa1 cxb4 25. Nb5 Nf2+ 26. Kg2 Nxe4 27. Qe3 Qg4+
28. Kf1 gxh5 29. Re1 f5 30. Nxd6 Ng3+ 31. Kf2 f4 32. Qxe5 Qh3 33. Qg5+ Kh7 34.
Re7+ 1-0

[Event "Michigan Junior"]
[Site "Flint, MI"]
[Date "1997.03.12"]
[Round "3.12"]
[White "Jewett, Brandon"]
[Black "Laurin, Edward"]
[Result "1/2-1/2"]
[WhiteElo "1374"]
[BlackElo "984"]
[PlyCount "94"]
[EventDate "1997.03.15"]

1. e4 e5 2. Nf3 Nc6 3. Bc4 Bc5 4. d3 h6 5. Nc3 d6 6. h3 Nf6 7. Bd2 O-O 8. Na4
a6 9. Nxc5 dxc5 10. a3 b5 11. Ba2 Be6 12. Bxe6 fxe6 13. Be3 c4 14. Rc1 Qd6 15.
O-O a5 16. Qd2 Kh7 17. dxc4 bxc4 18. Qxd6 cxd6 19. Nd2 d5 20. Rfd1 Nd4 21. Bxd4
exd4 22. exd5 exd5 23. Nf3 c3 24. b3 a4 25. b4 Nh5 26. Rxd4 Nf4 27. Kf1 Rae8
28. Ng1 Re4 29. Rxe4 dxe4 30. Re1 Re8 31. f3 Nh5 32. Kf2 Nf6 33. Re3 exf3 34.
Rxe8 Nxe8 35. Kxf3 Nd6 36. Ne2 Nc4 37. Nxc3 Nxa3 38. Nxa4 Nxc2 39. Kf4 Nxb4 40.
Nc5 Nd5+ 41. Kg3 g5 42. Ne6 Kg6 43. h4 gxh4+ 44. Kxh4 Ne3 45. Nf4+ Kh7 46. g3
Nf5+ 47. Kg4 Nxg3 1/2-1/2

[Event "Michigan Junior"]
[Site "Flint, MI"]
[Date "1997.03.14"]
[Round "3.14"]
[White "Roberts, Andy"]
[Black "Nolan, Matthew"]
[Result "1/2-1/2"]
[WhiteElo "1347"]
[BlackElo "953"]
[PlyCount "88"]
[EventDate "1997.03.15"]

1. e4 c5 2. Bc4 d6 3. Nf3 Nf6 4. d3 g6 5. O-O Bg7 6. Re1 O-O 7. c3 Nc6 8. Ng5
h6 9. Nf3 d5 10. exd5 Nxd5 11. Nbd2 Nf4 12. Ne4 Ne6 13. Bxe6 Bxe6 14. Nxc5 Bg4
15. d4 b6 16. Ne4 e5 17. Qd3 exd4 18. Nxd4 Nxd4 19. cxd4 Qxd4 20. Qg3 h5 21.
Nc3 Rae8 22. Bf4 Rxe1+ 23. Rxe1 Qc4 24. Be5 Re8 25. h3 Bf5 26. Re3 Bh6 27. Bf4
Rxe3 28. Bxe3 Bg7 29. Qb8+ Kh7 30. Qxa7 Bxc3 31. bxc3 Be6 32. Bxb6 Qxc3 33. a4
Qc6 34. a5 Qc1+ 35. Kh2 Qf4+ 36. Kg1 Qc1+ 37. Kh2 Qf4+ 38. g3 Qf3 39. Qa6 Bd5
40. Qf1 f5 41. Bc7 Bb7 42. Bf4 Bc6 43. a6 Bd5 44. a7 Bb7 1/2-1/2

[Event "Michigan Junior"]
[Site "Flint, MI"]
[Date "1997.03.15"]
[Round "1.1"]
[White "Zaremba, Andrei"]
[Black "VanIttersum, Chris"]
[Result "1-0"]
[WhiteElo "2292"]
[BlackElo "1169"]
[PlyCount "71"]
[EventDate "1997.03.15"]

1. e4 e5 2. Nf3 Nc6 3. Bb5 Bd6 4. Nc3 b6 5. d4 exd4 6. Nxd4 Bb7 7. Nf5 Be5 8.
O-O g6 9. Ne3 Qh4 10. g3 Qh3 11. Be2 Qe6 12. Ncd5 Nf6 13. f4 Bd4 14. Nxc7+ Kd8
15. Nxe6+ fxe6 16. Bf3 e5 17. c3 Bxe3+ 18. Bxe3 Kc7 19. fxe5 Nxe5 20. Bf4 Rhe8
21. Qd4 d6 22. Bxe5 Rxe5 23. Qc4+ Kd8 24. Rad1 Ne8 25. Qf7 Rc8 26. Qxb7 Re7 27.
Qa6 Kd7 28. Bg4+ Re6 29. Bxe6+ Kxe6 30. Qxc8+ Ke7 31. e5 h5 32. exd6+ Nxd6 33.
Qf8+ Kd7 34. Qxd6+ Kc8 35. Qc6+ Kb8 36. Rd8# 1-0

[Event "Michigan Junior"]
[Site "Flint, MI"]
[Date "1997.03.15"]
[Round "3.1"]
[White "Zaremba, Andrei"]
[Black "Solon, Nathan"]
[Result "1-0"]
[WhiteElo "2292"]
[BlackElo "1669"]
[PlyCount "105"]
[EventDate "1997.03.15"]

1. e4 c5 2. Nf3 d6 3. d4 cxd4 4. Nxd4 Nf6 5. Nc3 g6 6. Be3 Bg7 7. f3 O-O 8. Qd2
Nc6 9. O-O-O d5 10. Nxc6 bxc6 11. e5 Nd7 12. f4 Qa5 13. h4 Rb8 14. h5 Qb4 15.
b3 e6 16. hxg6 fxg6 17. g3 c5 18. Nb1 Qxd2+ 19. Rxd2 d4 20. Bg1 Bb7 21. Bg2
Bxg2 22. Rxg2 Nb6 23. Rgh2 h5 24. c3 Rfd8 25. cxd4 cxd4 26. Rd2 d3 27. Bxb6
Rxb6 28. Rhd1 Rc6+ 29. Kb2 Rdc8 30. Na3 Bf8 31. Rxd3 Bxa3+ 32. Kxa3 Rc3 33. Kb4
a5+ 34. Kxa5 Ra8+ 35. Kb4 Rxd3 36. Rxd3 Rxa2 37. Kc5 Kf8 38. b4 Rb2 39. b5 Ke7
40. b6 Rc2+ 41. Kb5 Rb2+ 42. Kc6 Rc2+ 43. Kb7 Rb2 44. Kc7 Rc2+ 45. Kb8 Rb2 46.
b7 Rb4 47. Kc7 Rc4+ 48. Kb6 Rb4+ 49. Kc6 Rb1 50. Kc7 Rc1+ 51. Kb8 Rb1 52. Ra3
Kd7 53. Ka8 1-0